| 000 | | | 05745cmc2a2200000#x 450 |
| 001 | | | 851c0a80-54ed-49d0-b98d-5848b6b3eda4 |
| 005 | | | 20230912170724.0 |
| 100 | ## | $a | 20150826l18541855k l0rusy0189 ca |
| 101 | 0# | $a | rus |
| 102 | ## | $a | RU |
| 200 | 1# | $a | Дело о досрочном выпуске из университетов и Медико-хирургической академии в связи с развитием военных действий |
| | $j | 15 марта 1854 г. - 26 апреля 1855 г. |
| 251 | ## | $c | Дело |
| 300 | ## | $a | Рукописный текст. Чернила |
| 300 | ## | $a | Оригинальный заголовок дела: Дело по отношению военного министра о доставлении сведения касательно ускорения в медицинских факультетах университетов выпуска четвертых курсов. Тут же о распределении лекарей на службу по военно-сухопутному и морскому ведомствам. 15 марта 1854 г. - 26 апреля 1855 г. |
| 801 | #0 | $a | RU |
| | $b | РГИА |
| | $c | 20150826 |
| 801 | #1 | $a | RU |
| | $b | ГлавНИВЦ |
| | $c | 20150826 |
| | $2 | rusmarc |
| 801 | #2 | $a | RU |
| | $b | ПБ им. Б.Н. Ельцина |
| | $c | 20151215 |
| | $g | RCR |
| | $2 | rusmarc |
| 850 | ## | $a | Федеральное казенное учреждение "Российский государственный исторический архив" |
| 852 | ## | $a | РГИА |
| | $j | 583 |
| 937 | ## | $h | РГИА |
| | $d | 12087988 |
| | $a | ASBIBLIO_SCAN |
| 462 | #0 | $1 | 00110dcdccd-ec79-4ee8-a204-b9d031b41c04 |
| | $1 | 2001 |
| | $a | Медицинские дела Департамента народного просвещения |
| | $v | Д. 583 |
| | $1 | 251 |
| | $c | Опись |
| | $1 | 852 |
| | $j | 99 |
| 461 | #0 | $1 | 001a74412a3-3cc5-4d21-8f0a-dfe2fbd9e72d |
| | $1 | 2001 |
| | $a | Департамент народного просвещения Министерства народного просвещения |
| | $1 | 251 |
| | $c | Фонд |
| | $1 | 852 |
| | $j | 733 |
| 215 | ## | $a | 363 листа |
| | $d | 36,5х26 см |
| 371 | ## | $a | Документ не является опубликованным и широко распространяемым |
| 105 | ## | $a | y### |
| 122 | 2# | $a | d18540315## |
| | $a | d18550426## |
| 517 | 1# | $a | Дело по отношению военного министра о доставлении сведения касательно ускорения в медицинских факультетах университетов выпуска четвертых курсов. Тут же о распределении лекарей на службу по военно-сухопутному и морскому ведомствам |
| | $e | 15 марта 1854 г. - 26 апреля 1855 г. |
| 035 | ## | $a | 851c0a80-54ed-49d0-b98d-5848b6b3eda4 |
| 605 | ## | $2 | acquisition_Prlib |
| | $3 | LIBNET\UAF\0000107109 |
| | $a | История образования в России |
| | $l | коллекция |
| 605 | ## | $2 | acquisition_Prlib |
| | $3 | DITM\AF\0000002775 |
| | $a | Власть |
| | $l | коллекция |
| 606 | 1# | $2 | prlib_sh |
| | $3 | LIBNET\UAF\0000108502 |
| | $a | Медицинские работники |
| | $j | Архивные дела |
| | $x | Участие в Крымской войне |
| | $z | 1853 - 1856 |
| 601 | 02 | $2 | nlr_sh |
| | $3 | RU\NLR\AUTH\661501554 |
| | $a | Императорская медико-хирургическая академия |
| | $c | Санкт-Петербург, город |
| | $j | Архивные дела |
| 686 | ## | $2 | rubbk |
| | $a | 63.3(2)521.2-68ю1 |
| | $v | LBC/M |
| 686 | ## | $2 | rubbk |
| | $a | 51.1(2)5ю1 |
| | $v | LBC/M |